Estatísticas para Quiz do Cazaquistão

Clique aqui para jogar o quiz

Estatísticas Gerais

  • Esse quiz foi jogado 380 vezes
  • A pontuação média é 13 de 20

Estatísticas das Respostas

DicaResposta% Correto
Países fazendo fronteira com o CazaquistãoRússia
93%
Países fazendo fronteira com o CazaquistãoUzbequistão
86%
Religião mais praticadaIslã
84%
Países fazendo fronteira com o CazaquistãoQuirguistão
84%
País do qual o Cazaquistão se
tornou independente em 1991
União Soviética
84%
Países fazendo fronteira com o CazaquistãoChina
82%
Países fazendo fronteira com o CazaquistãoTurquemenistão
82%
Antiga rota comercial que passava pelo
Cazaquistão
Rota da {Seda}
71%
CapitalAstana
70%
Nome da capital entre 2019 e 2022Nursultan
66%
Exportação mais importantePetróleo
66%
Khan que conquistou a região
no século XIII
Gengis Khan
64%
Animal que acredita-se ter sido
domesticado pela primeira vez na região
Cavalo
55%
Lago que já foi o quarto maior do mundo,
e hoje está quase totalmente evaporado
Mar de Aral
52%
O cazaque fictício mais famoso
(no mundo ocidental)
Borat
48%
O maior lago do mundo, que faz
fronteira com o Cazaquistão
Mar Cáspio
47%
Maior cidadeAlmaty
42%
Grande parte do Cazaquistão consiste
neste bioma de pastagens eurasiáticas
Estepe
40%
Feriado celebrado em 7 de janeiroNatal
28%
Moeda oficialTenge
26%

Distribuição das Pontuações

Percentil de Números Respondidos

Porcentagem de Pessoas com Cada Pontuação

Sua Pontuação Histórica

Você não jogou esse quiz